LEADER 00967nam a2200229 i 4500 001 000000223576 003 CaOOAMICUS 005 20131016000000.0 008 131016n it u000 u ita u 013 $a202473 040 $aSeMil$bita 245 10$a[Illuminismo ; Il criticismo di Emanuele Kant]. 300 $a1 v. (varie sequenze) ;$c21 cm. 500 $aFotocopie. 600 14$aKant, Immanuel <1724-1804>.$0(OLS)http://semarc/subject/7657 650 4$aDispense scolastiche.$0(OLS)http://semarc/subject/526 650 4$aCriticismo - Filosofia.$0(OLS)http://semarc/subject/12845 650 4$aIlluminismo.$0(OLS)http://semarc/subject/311 773 0 $aGilardi, Enrico $t[Storia della filosofia.$dS.l. : s.n.], [19-?]$g4$w()28894 850 $aSeMil 852 $aSeMil$W1$xVenegono$y1$m6X I 29/4 =$j173922$B173922$CSeMilBibl$Z2$F184179 $8B 996 $6245$a[Illuminismo ; Il criticismo di Emanuele Kant]$9(OLS)http://semarc/title/320571 LEADER 01371nam a2200277 i 4500 001 000000187819 003 CaOOAMICUS 005 20100323000000.0 008 100323s1958 it u000 u ita u 013 $a165930 040 $aSeMil$bita 100 1 $aBoccassino, Renato.$0(OLS)http://semarc/name/11946 245 10$aEtnologia religiosa :$bintroduzione generale, le scuole evoluzioniste e le scuole storiche /$cRenato Boccassino. 260 $aTorino [etc.] :$bSocietà Editrice Internazionale,$c1958. 300 $aXXIII, 353 p., [52] p. di tav. :$bill. (b/n) ;$c23 cm. 490 0 $aStoria e scienza delle religioni 650 4$aEtnologia religiosa.$0(OLS)http://semarc/subject/6651 650 4$aAntropologia religiosa.$0(OLS)http://semarc/subject/2795 650 4$aReligioni primitive.$0(OLS)http://semarc/subject/72 650 4$aReligioni - Studio comparato.$0(OLS)http://semarc/subject/542 830 0$aStoria e scienza delle religioni.$0(OLS)http://semarc/title/18535 850 $aSeMil 852 $aSeMil$W1$xVenegono$y1$m2X III 174$j138506$B138506$CSeMilBibl$Z2$F149961 $81 961 $aOmaggio: Altro 996 $6245$aEtnologia religiosa :$bintroduzione generale, le scuole evoluzioniste e le scuole storiche$9(OLS)http://semarc/title/270226 996 $6260$aTorino [etc.] :$bSocietà Editrice Internazionale$9(OLS)http://semarc/publisher/31170